Molecular pharmacology : (Record no. 66570)
[ view plain ]
| 000 -LEADER | |
|---|---|
| fixed length control field | 00868nam a2200265 a 4500 |
| 001 - CONTROL NUMBER | |
| control field | 66570 |
| 003 - CONTROL NUMBER IDENTIFIER | |
| rucl marc code | BD-RjUL |
| 005 - DATE AND TIME OF LATEST TRANSACTION | |
| control field | 20211209081545.0 |
| 008 - FIXED-LENGTH DATA ELEMENTS--GENERAL INFORMATION | |
| fixed length control field | 170318s1964 nyua 001 0 eng c |
| 035 ## - SYSTEM CONTROL NUMBER | |
| System control number | (BD-RjUL)66700 |
| 040 ## - CATALOGING SOURCE | |
| Original cataloging agency | DLC/ICU |
| Transcribing agency | CGU |
| Modifying agency | DLC |
| -- | UKM |
| -- | EQO |
| -- | BD-RjUL |
| Language of cataloging | eng |
| 041 ## - LANGUAGE CODE | |
| Language code of text/sound track or separate title | eng |
| 082 00 - DEWEY DECIMAL CLASSIFICATION NUMBER | |
| Edition number | 23 |
| Classification number | 615.7 |
| Author mark and year | MOL 1964 |
| 245 00 - TITLE STATEMENT | |
| Title | Molecular pharmacology : |
| Remainder of title | the mode of action of biologically active compounds / |
| Statement of responsibility, etc. | edited by E.J. Ariëns. |
| 260 ## - PUBLICATION, DISTRIBUTION, ETC. (IMPRINT) | |
| Place of publication, distribution, etc. | New York : |
| Name of publisher, distributor, etc. | Academic Press, |
| Date of publication, distribution, etc. | c1964. |
| 300 ## - PHYSICAL DESCRIPTION | |
| Pagination | v. ; |
| Illustrations | ill. ; |
| Size | 24 cm. |
| 490 1# - SERIES STATEMENT | |
| Series statement | Medicinal chemistry; a series of monographs, |
| Volume/sequential designation | v. 3 |
| 500 ## - GENERAL NOTE | |
| General note | Includes index. |
| 505 0# - FORMATTED CONTENTS NOTE | |
| Formatted contents note | v. 1. -- |
| 650 #0 - SUBJECT ADDED ENTRY--TOPICAL TERM | |
| Topical term or geographic name as entry element | Molecular pharmacology. |
| 9 (RLIN) | 197049 |
| Topical term or geographic name as entry element | Pharmaceutical chemistry. |
| 9 (RLIN) | 197050 |
| 700 ## - ADDED ENTRY--PERSONAL NAME | |
| Personal name | Ariëns, E.J. |
| 830 #0 - SERIES ADDED ENTRY--UNIFORM TITLE | |
| Uniform title | Medicinal chemistry ; |
| Volume number/sequential designation | v. 3. |
| 942 ## - ADDED ENTRY ELEMENTS (KOHA) | |
| Source of classification or shelving scheme | Dewey Decimal Classification |
| Koha item type | Books |
| Lost status | Source of classification or shelving scheme | Damaged status | Not for loan | Collection code | Permanent Location | Current Location | Shelving location | Date acquired | Source of acquisition | Total Checkouts | Full call number | Date last seen | Copy number | Koha item type |
|---|---|---|---|---|---|---|---|---|---|---|---|---|---|---|
| Dewey Decimal Classification | Not For Loan | Non-fiction | Central Library, University of Rajshahi | Central Library, University of Rajshahi | Reading Room | 27/06/1966 | Asia Foundation | 615.7 MOL V-1 1964 | 18/03/2017 | C-1 | Books |